000 00560nam a2200217Ia 4500
003 OSt
005 20220928144953.0
006 a|||||r|||| 00| 0
007 ta
008 220927b |||||||| |||| 00| 0 eng d
024 _a77580
037 _cTextual
040 _aSDCL
_cSDCL
_beng
041 _2eng
_aeng
082 _aV19B'N6, L3.1-.2
100 _aChatterji Nikshoy C
_9510777
245 0 _aMuddle of the middle east.2V.
260 _c1973
942 _hV19B'N6, L3.1-.2
_cTEXL
_2CC
999 _c830908
_d830908